Handbuilt pottery techniques revealed : (Record no. 1065)

MARC details
000 -LEADER
fixed length control field 01137cam a22003134a 4500
005 - DATE AND TIME OF LATEST TRANSACTION
control field 20260322212045.0
008 - FIXED-LENGTH DATA ELEMENTS--GENERAL INFORMATION
fixed length control field data
010 ## - LIBRARY OF CONGRESS CONTROL NUMBER
LC control number 2003103956
020 ## - INTERNATIONAL STANDARD BOOK NUMBER
International Standard Book Number 0764126660
020 ## - INTERNATIONAL STANDARD BOOK NUMBER
International Standard Book Number 9780764126666
040 ## - CATALOGING SOURCE
Original cataloging agency DLC
Transcribing agency DLC
Modifying agency DLC
042 ## - AUTHENTICATION CODE
Authentication code pcc
050 00 - LIBRARY OF CONGRESS CALL NUMBER
Classification number TT920
Item number .A83 2004
082 00 - DEWEY DECIMAL CLASSIFICATION NUMBER
Classification number 738.1
Edition information 22
092 ## - LOCALLY ASSIGNED DEWEY CALL NUMBER (OCLC)
Classification number 738.1 A83 2004
001 - CONTROL NUMBER
control field data
100 1# - MAIN ENTRY--PERSONAL NAME
Personal name Atkin, Jacqui.
245 10 - TITLE STATEMENT
Title Handbuilt pottery techniques revealed :
Remainder of title the secrets of handbuilding shown in unique cutaway photography /
Statement of responsibility, etc. Jacqui Atkin.
250 ## - EDITION STATEMENT
Edition statement 1st ed.
260 ## - PUBLICATION, DISTRIBUTION, ETC.
Place of publication, distribution, etc. Hauppauge, N.Y. :
Name of publisher, distributor, etc. Barron's Educational Series,
Date of publication, distribution, etc. 2004.
300 ## - PHYSICAL DESCRIPTION
Extent 160 p. :
Other physical details col. ill. ;
Dimensions 29 cm.
500 ## - GENERAL NOTE
General note "A Quarto book"--T.p. verso.
500 ## - GENERAL NOTE
General note Includes index.
650 #0 - SUBJECT ADDED ENTRY--TOPICAL TERM
Topical term or geographic name entry element Pottery craft.
856 42 - ELECTRONIC LOCATION AND ACCESS
Materials specified Publisher description
Uniform Resource Identifier <a href="http://www.loc.gov/catdir/description/barrons041/2003103956.html">http://www.loc.gov/catdir/description/barrons041/2003103956.html</a>
906 ## - LOCAL DATA ELEMENT F, LDF (RLIN)
a 7
b cbc
c orignew
d 2
e epcn
f 20
g y-gencatlg
925 0# -
-- acquire
-- 2 shelf copies
-- policy default
955 ## - COPY-LEVEL INFORMATION (RLIN)
-- jg07 2004-06-16 to Dewey
Holdings
Withdrawn status Lost status Damaged status Not for loan Home library Current library Shelving location Date acquired Total checkouts Full call number Barcode Date last seen Price effective from Koha item type
        Fairfield Fairfield General stacks 22/03/2026   738.1 22 BC0011099 22/03/2026 22/03/2026 Books